00542nam a2200181 a 45000010010000000030011000100080041000210350026000620820017000881000023001052450024001282600037001526500035001899420012002249520089002369980020003259990015003450000-9019ELIB.Books110520 1950  a(ELIB.Books)0000-9168 a241.52 bSle aSlemp, John Calvin aTwelve laws of life bChicago: The Judson Press c1950 aDictionary of Christian Ethics 2ddccBK 00102ddc4070aKBTSbKBTSd2011-05-20l0p431r2022-01-22 00:00:00w2022-01-22yBK cbate2011-05-20 c9019d9019